Statistics for Countries by Number of Books Published

Click here to take the quiz!

General Stats

  • This quiz has been taken 55,829 times
    (23,848 since last reset)
  • The average score is 17 of 20

Answer Stats

#Country% Correct
275,232United States
100%
208,418China
99%
186,000United Kingdom
99%
106,799France
97%
115,171Russia
97%
79,916Germany
96%
83,622Spain
95%
90,000India
94%
139,078Japan
94%
125,948Italy
93%
46,829Brazil
92%
63,476South Korea
80%
21,130Poland
79%
135,081Indonesia
78%
23,000Egypt
76%
88,975Turkey
74%
102,691Iran
70%
23,416Ukraine
63%
24,589Vietnam
57%
28,084Taiwan
47%

Score Distribution

Percentile by Number Answered

Percent of People with Each Score

Your Score History

You have not taken this quiz since the last reset